| 000 | 00402nam a22001577a 4500 | ||
|---|---|---|---|
| 020 | _a9788132209652 | ||
| 082 | _a005.133 TRO | ||
| 100 | _a Troelsen, Andrew W. | ||
| 245 | _aPro C# 5.0 and the .NET 4.5 framework | ||
| 250 | _a6th ed. | ||
| 260 |
_aNew Delhi _bApress _c2012 |
||
| 300 |
_aivi, 1487p. : _e26 cm |
||
| 650 | _aComputer Programe Language | ||
| 700 | _aAndrew W.Troelsen | ||
| 942 | _cBK | ||
| 999 |
_c11828 _d11828 |
||